Geçici yerleşim alanlarında yaşayanların sağlık hizmetlerini kullanımının değerlendirilmesi (Record no. 6722)

MARC details
000 -BAŞLIK
Sabit Uzunlukta Kontrol Alanı 00842na a2200241 4500
001 - KONTROL NUMARASI
Denetim Alanı 19993
003 - KONTROL NUMARASI IDENTIFIER
Denetim Alanı MIRAKIL
005 - SON İŞLEM TARİHİ VE ZAMANI
Denetim Alanı 20181213155116.0
008 - SABİT-BOY VERİ ELEMANLARI - GENEL BİLGİLER
Sabit Uzunlukta Kontrol Alanı 161229b tu 000 0
040 ## - KATALOGLAMA KAYNAK
Orijinal Kataloglama Ajansı Milas
Kataloglama Dili tur
Metne Dönüştürmek Ajansı TR-AnCHP
041 ## - DİL KODU
Metin / Ses Parça Veya Ayrı Başlığın Dil Kodu tur
082 ## - DEWEY ONLU SINIFLANDIRMA NUMARASI
Sınıflandırma Numarası 363.3495
Ürün Numarası G31 2001
090 ## - SINIFLAMA NUMARASI
Sınıflama Numarası 363.3495 G31 2001
245 ## - BAŞLIK TABLOSU
Başlık Geçici yerleşim alanlarında yaşayanların sağlık hizmetlerini kullanımının değerlendirilmesi
Sorumluluk Tablosu, Vb Türk Tabipleri Birliği
260 ## - YAYIN, DAĞITIM, VB
Yayın, Dağıtım, Vb Yeri Ankara
Yayıncı, Dağıtıcı, Vs Adı Türk Tabipleri Birliği
Yayın, Dağıtım, Vb Tarihi 2001
300 ## - FİZİKSEL TANIM
Kapsam 62 s.
Diğer Fiziksel Ayrıntıları tbl.; grf.
Boyutlar 30 sm.
500 ## - GENEL NOT
Genel Not Yapıt adı başında: 17 Ağustos ve 12 Kasım 1999 depremleri sonrasında
650 ## - KONU KATMA GİRİŞ - TOPİKAL DÖNEM
Topikal Süreli Veya Coğrafi Ad Giriş Elemanı Afet bölgeleri
Genel Alt Bölümü Sağlık hizmetleri
Kronolojik Alt Bölümü Değerlendirmeler
650 ## - KONU KATMA GİRİŞ - TOPİKAL DÖNEM
Topikal Süreli Veya Coğrafi Ad Giriş Elemanı Deprem
Genel Alt Bölümü Geçici yerleşim
Kronolojik Alt Bölümü Sağlık hizmetleri
710 ## - KATMA GİRİŞ - KURUMSAL ADI
Giriş Elemanı Olarak Kurumsal Ad Veya Yargı Alanı Adı TTB
942 ## - EKLENDİ GİRİŞ ELEMANLARI (KOHA)
Sınıflandırma Veya Raf Düzeni Kaynak Dewey Decimal Classification
Koha Öğesi Türü Books
999 ## - SİSTEM KONTROL NUMARALARI (KOHA)
Koha Biblionumber 6722
Koha Biblioitemnumber 6722
657 ## - INDEX SÜRE - İŞLEVİ
-- 1999 Depremi
Holdings
Kalıcı Konum Mevcut Konum Edinme Tarihi Edinim Kaynak Toplam Check-Out'Lar Tam Çağrı Numarası Barkod Tarih Son Görülme İtibaren Geçerli Fiyatlar Koha Öğesi Türü
CHP Kütüphanesi CHP Kütüphanesi 12/29/2016 Bağış   363.3495 G31 2001 010397 12/29/2016 12/29/2016 Books